[Event "Helsingor Xtracon op"]
[Site "Helsingor"]
[Date "2018.07.26"]
[Round "7"]
[White "Pedersen, Lars Wisler"]
[Black "Roder, Peter Ulrik"]
[Result "1/2-1/2"]
[WhiteElo "1856"]
[BlackElo "2021"]
[PlyCount "62"]
[EventDate "2018.07.21"]
[EventType "swiss"]
[EventRounds "10"]
[EventCountry "DEN"]
[SourceTitle "CBM 185 Extra"]
[Source "ChessBase"]
[SourceDate "2018.07.29"]
[SourceVersion "1"]
[SourceVersionDate "2018.07.29"]
[SourceQuality "1"]

1. e4 b6 2. Nc3 Bb7 3. d4 e6 4. Bc4 Nf6 5. f3 d5 6. exd5 exd5 7. Bd3 Be7 8. Nge2 c5 9. Bb5+ Nbd7 10. 0-0 0-0 11. Kh1 c4 12. Bxd7 Qxd7 13. Qe1 b5 14. Qg3 b4 15. Nd1 Bd6 16. Qg5 h6 17. Qh4 Qf5 18. Ne3 Qg6 19. Nf4 Bxf4 20. Qxf4 Rfe8 21. Bd2 a5 22. Rae1 Bc6 23. Qc7 Re6 24. Ng4 Ne8 25. Rxe6 Qxe6 26. Qe5 Qxe5 27. Nxe5 Bb5 28. c3 f6 29. Ng6 Kf7 30. Nf4 Nc7 31. Re1 g5 1/2-1/2

[Event "Helsingor Xtracon op"]
[Site "Helsingor"]
[Date "2018.07.24"]
[Round "5"]
[White "Ponomarev, Denis1111"]
[Black "Roder, Peter Ulrik"]
[Result "1/2-1/2"]
[WhiteElo "1797"]
[BlackElo "2021"]
[PlyCount "58"]
[EventDate "2018.07.21"]
[EventType "swiss"]
[EventRounds "10"]
[EventCountry "DEN"]
[SourceTitle "CBM 185 Extra"]
[Source "ChessBase"]
[SourceDate "2018.07.29"]
[SourceVersion "1"]
[SourceVersionDate "2018.07.29"]
[SourceQuality "1"]

1. e4 c5 2. Nf3 d6 3. d4 cxd4 4. Nxd4 Nf6 5. Nc3 a6 6. Be2 e5 7. Nb3 Nc6 8. 0-0 Be7 9. Bg5 Be6 10. Bxf6 Bxf6 11. Nd5 Bxd5 12. Qxd5 Qc7 13. c4 0-0 14. Qd2 a5 15. Bd3 a4 16. Nc1 Nd4 17. Ne2 Nxe2+ 18. Bxe2 Qb6 19. Rfd1 Rfd8 20. Rab1 h6 21. g3 Bg5 22. Qc2 Qc6 23. Rd5 b6 24. h4 Be7 25. Qd2 Rac8 26. Qe3 Qb7 27. Rbd1 Rc5 28. Kh2 Qa6 29. Qf3 Qc8 1/2-1/2

[Event "Helsingor Xtracon op"]
[Site "Helsingor"]
[Date "2016.07.26"]
[Round "5"]
[White "Kyrkjebo, Marte Bakken"]
[Black "Roder, Peter Ulrik"]
[Result "0-1"]
[WhiteElo "1860"]
[BlackElo "2056"]
[PlyCount "86"]
[EventDate "2016.07.23"]
[EventType "swiss"]
[EventRounds "10"]
[EventCountry "DEN"]
[SourceTitle "CBM 173 Extra"]
[Source "ChessBase"]
[SourceDate "2016.08.29"]
[SourceVersion "1"]
[SourceVersionDate "2016.08.29"]
[SourceQuality "1"]

1. e4 e6 2. d3 d5 3. Qe2 Nf6 4. Nf3 c5 5. g3 d4 6. Bg2 Nc6 7. e5 Nd5 8. 0-0 Be7 9. Nbd2 0-0 10. Ne4 f6 11. exf6 gxf6 12. Bh6 Rf7 13. Rfe1 e5 14. h4 Bg4 15. Qf1 Qd7 16. Nh2 Bf5 17. Qe2 Kh8 18. g4 Be6 19. Ng3 Rg8 20. f3 Bf8 21. Bd2 b5 22. c3 a5 23. a3 a4 24. Nhf1 Nb6 25. Rac1 c4 26. dxc4 Nxc4 27. Qe4 Nxb2 28. f4 Ne7 29. cxd4 Bd5 30. Qc2 Bxg2 31. Qxb2 Bxf1 32. Rxf1 Qxg4 33. Be1 exf4 34. Rc2 fxg3 35. Rg2 Nf5 36. Qc3 Bd6 37. Rf3 Qxd4+ 38. Qxd4 Nxd4 39. Rd3 Be5 40. Bxg3 Bxg3 41. Rxd4 Be5 42. Rb4 Rxg2+ 43. Kxg2 Rb7 0-1

[Event "Helsingor Xtracon op"]
[Site "Helsingor"]
[Date "2016.07.23"]
[Round "1"]
[White "Kristensen, Thomas Overgaard"]
[Black "Roder, Peter Ulrik"]
[Result "0-1"]
[WhiteElo "1568"]
[BlackElo "2056"]
[PlyCount "50"]
[EventDate "2016.07.23"]
[EventType "swiss"]
[EventRounds "10"]
[EventCountry "DEN"]
[SourceTitle "CBM 173 Extra"]
[Source "ChessBase"]
[SourceDate "2016.08.29"]
[SourceVersion "1"]
[SourceVersionDate "2016.08.29"]
[SourceQuality "1"]

1. d4 Nf6 2. c4 e6 3. Nc3 Bb4 4. e3 0-0 5. Bd3 d5 6. Nge2 c5 7. a3 Bxc3+ 8. bxc3 b6 9. 0-0 Nc6 10. Qa4 Bd7 11. Qc2 Na5 12. cxd5 exd5 13. Ng3 c4 14. Be2 Qe8 15. f3 Ba4 16. Qb1 Nb3 17. Ra2 Qe6 18. e4 Rac8 19. e5 Nd7 20. Nf5 f6 21. f4 Nxc1 22. Bg4 fxe5 23. fxe5 Nxa2 24. Qxa2 Rce8 25. Qe2 Nxe5 0-1

[Event "Politiken Cup 29th"]
[Site "Copenhagen"]
[Date "2007.07.26"]
[Round "7"]
[White "Andreasen, Per Naesby"]
[Black "Roder, Peter Ulrik"]
[Result "1/2-1/2"]
[WhiteElo "2244"]
[BlackElo "2080"]
[PlyCount "75"]
[EventDate "2007.07.21"]
[EventType "swiss"]
[EventRounds "10"]
[EventCountry "DEN"]
[SourceTitle "CBM 119 Extra"]
[Source "ChessBase"]
[SourceDate "2007.09.04"]
[SourceVersion "1"]
[SourceVersionDate "2007.09.04"]
[SourceQuality "1"]

1. g3 d5 2. Bg2 Nf6 3. Nf3 c6 4. 0-0 Bg4 5. b3 Nbd7 6. Bb2 e6 7. c4 Bd6 8. h3 Bh5 9. d3 0-0 10. Nbd2 Qe7 11. Qc2 e5 12. e4 d4 13. Nh4 Bg6 14. Rae1 Ba3 15. Ba1 c5 16. Re2 Ne8 17. Kh2 f6 18. f4 Nd6 19. Bf3 Rab8 20. Bg4 Rfd8 21. Ndf3 Bf7 22. Bxd7 Rxd7 23. Nf5 Qe8 24. fxe5 fxe5 25. Qd2 Bg6 26. Nxd6 Rxd6 27. Ref2 Qe7 28. Nh4 Bb4 29. Qc1 Ba5 30. Bb2 Bc7 31. Qd1 Re8 32. Bc1 Bd8 33. Qe2 Qd7 34. Nf5 Bxf5 35. Rxf5 Rf6 36. Qg4 Rxf5 37. Rxf5 Qe6 38. Rf3 1/2-1/2

[Event "Politiken Cup 29th"]
[Site "Copenhagen"]
[Date "2007.07.23"]
[Round "4"]
[White "Roder, Peter Ulrik"]
[Black "Tuominen, Risto"]
[Result "0-1"]
[WhiteElo "2080"]
[BlackElo "2272"]
[PlyCount "96"]
[EventDate "2007.07.21"]
[EventType "swiss"]
[EventRounds "10"]
[EventCountry "DEN"]
[SourceTitle "CBM 119 Extra"]
[Source "ChessBase"]
[SourceDate "2007.09.04"]
[SourceVersion "1"]
[SourceVersionDate "2007.09.04"]
[SourceQuality "1"]

1. e4 c5 2. Nf3 d6 3. d4 cxd4 4. Nxd4 Nf6 5. Nc3 a6 6. Be2 e5 7. Nb3 Be7 8. Be3 0-0 9. 0-0 Be6 10. Qd3 Nbd7 11. Nd5 Bxd5 12. exd5 b5 13. a4 bxa4 14. Rxa4 Nb6 15. Ra5 Qc7 16. c4 Rfc8 17. Rc1 Nfd7 18. Rca1 Qxc4 19. Qd1 Qc2 20. Bxa6 Qxd1+ 21. Rxd1 Rc2 22. Bc1 Nf6 23. Bd3 Rxa5 24. Nxa5 Rc7 25. Bd2 Nfxd5 26. b4 Na4 27. Rb1 Nac3 28. Rb3 Na4 29. Bb5 Rc2 30. Be1 Rc1 31. Kf1 Nab6 32. Bc6 Bg5 33. Rb2 Nf4 34. Rb3 Ne6 35. Rc3 Rb1 36. Rb3 Ra1 37. Rb2 Nd4 38. Be4 d5 39. Rb1 Ra2 40. Bd3 e4 41. Ba6 Nc2 42. Bb7 f5 43. Rd1 d4 44. Nb3 Nxe1 45. Kxe1 d3 46. Rb1 Kf8 47. Nc5 Bd2+ 48. Kd1 Bc3 0-1

[Event "Politiken Cup 29th"]
[Site "Copenhagen"]
[Date "2007.07.22"]
[Round "2"]
[White "Roder, Peter Ulrik"]
[Black "Mikkelsen, Nikolaj"]
[Result "1-0"]
[WhiteElo "2080"]
[BlackElo "2317"]
[PlyCount "58"]
[EventDate "2007.07.21"]
[EventType "swiss"]
[EventRounds "10"]
[EventCountry "DEN"]
[SourceTitle "CBM 119 Extra"]
[Source "ChessBase"]
[SourceDate "2007.09.04"]
[SourceVersion "1"]
[SourceVersionDate "2007.09.04"]
[SourceQuality "1"]

1. e4 c5 2. Nf3 d6 3. d4 cxd4 4. Nxd4 Nf6 5. Nc3 a6 6. Bc4 e6 7. Bb3 b5 8. f3 Be7 9. Be3 Qc7 10. 0-0 0-0 11. a3 Nc6 12. Nxc6 Qxc6 13. Qe2 Bb7 14. Rad1 Rfd8 15. Bd4 Re8 16. Rfe1 Nd7 17. f4 Bf8 18. Qg4 g6 19. h4 Bg7 20. Bxg7 Kxg7 21. e5 f5 22. Qf3 d5 23. Ne2 h5 24. Nd4 Qb6 25. c3 a5 26. Qf2 Rec8 27. Re3 Nc5 28. Bc2 Ba6 29. Rg3 Kh7 1-0

[Event "Valby K41 op 0607"]
[Site "Valby"]
[Date "2007.01.09"]
[Round "5"]
[White "Ringsborg, Allan"]
[Black "Roder, Peter Ulrik"]
[Result "0-1"]
[WhiteElo "1591"]
[BlackElo "2029"]
[PlyCount "52"]
[EventDate "2006.11.14"]
[EventType "swiss"]
[EventRounds "9"]
[EventCountry "DEN"]
[SourceTitle "EXT 2018"]
[Source "ChessBase"]
[SourceDate "2017.10.13"]
[SourceVersion "1"]
[SourceVersionDate "2017.10.13"]
[SourceQuality "1"]

1. Nf3 d5 2. b3 c5 3. e3 Nf6 4. Bb2 Bg4 5. Be2 Nc6 6. h3 Bh5 7. 0-0 Qc7 8. d3 e5 9. Nh4 Bxe2 10. Qxe2 Bd6 11. Nc3 Qd7 12. a3 g5 13. Qf3 Be7 14. Nf5 0-0-0 15. Nxe7+ Qxe7 16. Qf5+ Kb8 17. g4 h5 18. Kg2 hxg4 19. hxg4 Rh4 20. f3 d4 21. Nd1 Rdh8 22. Kf2 Rh2+ 23. Ke1 Rxc2 24. Rc1 Rg2 25. e4 Rhh2 26. Nf2 Ne8 0-1

[Event "Copenhagen-ch Obro 70th"]
[Site "Copenhagen"]
[Date "2006.10.21"]
[Round "8"]
[White "Brondum, Eric"]
[Black "Roder, Peter Ulrik"]
[Result "1/2-1/2"]
[WhiteElo "2175"]
[BlackElo "2110"]
[PlyCount "65"]
[EventDate "2006.10.14"]
[EventType "swiss"]
[EventRounds "9"]
[EventCountry "DEN"]
[SourceTitle "EXT 2007"]
[Source "ChessBase"]
[SourceDate "2006.11.23"]
[SourceVersion "1"]
[SourceVersionDate "2006.11.23"]
[SourceQuality "1"]

1. d4 Nf6 2. c4 g6 3. Nc3 d5 4. Nf3 Bg7 5. cxd5 Nxd5 6. e4 Nxc3 7. bxc3 c5 8. Rb1 0-0 9. Be2 cxd4 10. cxd4 Qa5+ 11. Bd2 Qxa2 12. 0-0 Qe6 13. Qc2 Na6 14. Rfe1 h6 15. Bc4 Qf6 16. Ne5 Qd6 17. Be3 e6 18. Nf3 Kh7 19. e5 Qc6 20. Qe2 Nc7 21. Rec1 Qd7 22. Nd2 b6 23. Ne4 Bb7 24. Nd6 Bd5 25. Bd3 Qe7 26. Qg4 f5 27. exf6 Rxf6 28. Qg3 Raf8 29. Nf5 exf5 30. Rxc7 Qa3 31. Bxh6 R8f7 32. Bxg7 Kxg7 33. Rxf7+ 1/2-1/2

[Event "Copenhagen-ch Obro 70th"]
[Site "Copenhagen"]
[Date "2006.10.16"]
[Round "3"]
[White "Roder, Peter Ulrik"]
[Black "Schmidt, Horst Hubert"]
[Result "1-0"]
[WhiteElo "2110"]
[BlackElo "1996"]
[PlyCount "103"]
[EventDate "2006.10.14"]
[EventType "swiss"]
[EventRounds "9"]
[EventCountry "DEN"]
[SourceTitle "EXT 2007"]
[Source "ChessBase"]
[SourceDate "2006.11.23"]
[SourceVersion "1"]
[SourceVersionDate "2006.11.23"]
[SourceQuality "1"]

1. d4 d5 2. c4 c6 3. Nc3 Nf6 4. e3 Bg4 5. f3 Bf5 6. Bd3 Bxd3 7. Qxd3 e6 8. Nge2 Bd6 9. Bd2 Nbd7 10. f4 dxc4 11. Qxc4 Nb6 12. Qb3 Rc8 13. e4 Be7 14. Rd1 0-0 15. h3 Rc7 16. Be3 Rd7 17. 0-0 Qc8 18. f5 Rdd8 19. fxe6 Qxe6 20. Qxe6 fxe6 21. Nf4 Nc4 22. Bc1 e5 23. Ne6 exd4 24. Nxd8 dxc3 25. b3 c2 26. Rde1 Ne5 27. Ne6 Re8 28. Re2 Bb4 29. Ng5 Bc5+ 30. Kh2 h6 31. Nf3 Nd3 32. e5 Nd5 33. Rxc2 Be3 34. Bd2 g5 35. Rb1 Bb6 36. Rc4 Bc7 37. Re4 Nf2 38. Re2 g4 39. hxg4 Nxg4+ 40. Kg3 h5 41. Rbe1 Ne7 42. Kh4 Bb6 43. Kxh5 Nf2 44. Rf1 Nd3 45. Ng5 Bc7 46. Nf7 Nd5 47. Re4 Nxe5 48. Nxe5 Bxe5 49. Rf5 Re7 50. Rexe5 Nf6+ 51. Kg6 Nd5 52. Bh6 1-0

[Event "Valby K41 Autumn op"]
[Site "Valby"]
[Date "2006.09.19"]
[Round "2"]
[White "Roder, Peter Ulrik"]
[Black "Laursen, Niels Norskov"]
[Result "1/2-1/2"]
[WhiteElo "2131"]
[BlackElo "2147"]
[PlyCount "81"]
[EventDate "2006.09.12"]
[EventType "swiss"]
[EventRounds "7"]
[EventCountry "DEN"]
[SourceTitle "EXT 2018"]
[Source "ChessBase"]
[SourceDate "2017.10.13"]
[SourceVersion "1"]
[SourceVersionDate "2017.10.13"]
[SourceQuality "1"]

1. d4 Nf6 2. c4 c5 3. d5 e6 4. Nc3 exd5 5. cxd5 d6 6. e4 g6 7. Nf3 a6 8. a4 Bg4 9. Qb3 Bxf3 10. gxf3 Nbd7 11. Qxb7 Bg7 12. Qb3 Nh5 13. Be3 Qf6 14. Be2 Rb8 15. Qa3 Rxb2 16. Rc1 Rb8 17. Bxa6 0-0 18. Be2 Ne5 19. Nb5 Rfd8 20. Bd2 Nf4 21. Bxf4 Qxf4 22. Qe3 Qh4 23. f4 Bh6 24. Qg3 Qe7 25. 0-0 Nd7 26. Bf3 Qf6 27. Rb1 Bxf4 28. Qh3 Ra8 29. Ra1 Ra5 30. Ra3 Nb6 31. Bd1 Rda8 32. Rf3 Qg5+ 33. Qg2 Qxg2+ 34. Kxg2 Be5 35. Na3 Bb2 36. Rb3 Bxa3 37. Rxb6 R5a6 38. Rb7 R6a7 39. Rb6 Ra6 40. Rb7 R6a7 41. Rb6 1/2-1/2

[Event "Valby K41 Autumn op"]
[Site "Valby"]
[Date "2006.09.12"]
[Round "1"]
[White "Andersen, Daniel"]
[Black "Roder, Peter Ulrik"]
[Result "1/2-1/2"]
[WhiteElo "1908"]
[BlackElo "2131"]
[PlyCount "128"]
[EventDate "2006.09.12"]
[EventType "swiss"]
[EventRounds "7"]
[EventCountry "DEN"]
[SourceTitle "EXT 2018"]
[Source "ChessBase"]
[SourceDate "2017.10.13"]
[SourceVersion "1"]
[SourceVersionDate "2017.10.13"]
[SourceQuality "1"]

1. c4 f5 2. g3 Nf6 3. Bg2 e6 4. d4 Be7 5. Nf3 0-0 6. 0-0 d6 7. b3 Qe8 8. Nfd2 Nc6 9. Bb2 Qg6 10. d5 Ne5 11. dxe6 c6 12. Nf3 Neg4 13. Nd4 Ne4 14. Qd3 Nc5 15. Qc2 Nxe6 16. Nd2 Bd7 17. N2f3 Nc5 18. b4 Ne4 19. h3 Nh6 20. e3 Rae8 21. Ne2 Nf7 22. Nfd4 Bg5 23. Nf4 Qh6 24. Nf3 Bd8 25. Nd2 Nf6 26. h4 Ne5 27. Rad1 Nfg4 28. Rfe1 g5 29. hxg5 Qh2+ 30. Kf1 Bxg5 31. Qb3 Qh6 32. f3 Nf6 33. Nh3 Nh5 34. f4 Nxg3+ 35. Kg1 Bh4 36. fxe5 dxe5 37. Nf3 Re7 38. Bxe5 Ne4 39. Bf4 Qf6 40. Nxh4 Qxh4 41. Re2 Rg7 42. Kh2 Nf6 43. Qc3 Be8 44. Qe1 Ng4+ 45. Kh1 Qh5 46. Qf1 Bf7 47. Red2 Qh4 48. Qe1 Qxe1+ 49. Rxe1 Bxc4 50. Red1 h6 51. a3 Re8 52. Rd8 Rge7 53. Rxe8+ Rxe8 54. Rd7 Ba6 55. Kg1 Nxe3 56. Bf3 Nc2 57. Bd1 Re1+ 58. Kf2 Rf1+ 59. Kg3 Nxa3 60. Bb3+ Bc4 61. Bxc4+ Nxc4 62. Rxb7 Rb1 63. Bb8 a5 64. Ra7 axb4 1/2-1/2

[Event "Politiken Cup 28th"]
[Site "Copenhagen"]
[Date "2006.07.28"]
[Round "7"]
[White "Roder, Peter Ulrik"]
[Black "Helin, Mikael"]
[Result "1-0"]
[WhiteElo "2131"]
[BlackElo "1964"]
[PlyCount "192"]
[EventDate "2006.07.22"]
[EventType "swiss"]
[EventRounds "9"]
[EventCountry "DEN"]
[SourceTitle "CBM 113 Extra"]
[Source "ChessBase"]
[SourceDate "2006.09.14"]
[SourceVersion "1"]
[SourceVersionDate "2006.09.14"]
[SourceQuality "1"]

1. d4 Nf6 2. c4 c5 3. d5 b5 4. cxb5 a6 5. Nc3 axb5 6. e4 d6 7. Bxb5+ Bd7 8. Bxd7+ Nbxd7 9. Nf3 g6 10. 0-0 Bg7 11. Bg5 h6 12. Bf4 Nh5 13. Be3 Qb6 14. Rb1 0-0 15. Qd2 Kh7 16. b4 Qa6 17. Rfc1 f5 18. exf5 Rxf5 19. Nh4 Rf7 20. Qc2 Ne5 21. b5 Qc8 22. h3 Nf4 23. Kh2 Ned3 24. Bxf4 Nxf4 25. Ne2 Nxe2 26. Qxe2 Be5+ 27. Kg1 Qb7 28. Qe4 Rg8 29. Nf3 Rf4 30. Qe3 Qxd5 31. Nxe5 Re4 32. Qb3 Qxe5 33. b6 Rf8 34. b7 Rb4 35. Qd3 Qf4 36. Qe2 Rxb7 37. g3 Qg5 38. Rxb7 Qxc1+ 39. Kg2 Re8 40. Rxe7+ Rxe7 41. Qxe7+ Kh8 42. Qxd6 c4 43. a4 c3 44. a5 c2 45. a6 Qb1 46. Qf8+ Kh7 47. Qf7+ Kh8 48. a7 Qa1 49. Qf8+ Kh7 50. a8Q Qxa8+ 51. Qxa8 c1Q 52. Qf3 Kg7 53. Qb7+ Kh8 54. Qf7 Qc2 55. h4 h5 56. Qf3 Qc4 57. Qe3 Qc2 58. Kf1 Qd1+ 59. Qe1 Qf3 60. Qe3 Qd1+ 61. Kg2 Qc2 62. Kf3 Qf5+ 63. Ke2 Qc2+ 64. Qd2 Qe4+ 65. Qe3 Qc2+ 66. Ke1 Qb1+ 67. Kd2 Qb2+ 68. Kd3 Qb5+ 69. Kd4 Qd7+ 70. Kc4 Qa4+ 71. Kc5 Qa7+ 72. Kd6 Qa6+ 73. Ke7 Qb7+ 74. Kf6 Qg7+ 75. Ke6 Qg8+ 76. Ke7 Qg7+ 77. Kd8 Qf6+ 78. Ke8 Qc6+ 79. Kf7 Kh7 80. Qe7 Qf3+ 81. Ke8+ Kg8 82. Qe6+ Kh7 83. Qf7+ Qxf7+ 84. Kxf7 Kh6 85. f4 Kh7 86. Kf6 Kh6 87. f5 g5 88. hxg5+ Kh7 89. g6+ Kg8 90. Kg5 h4 91. gxh4 Kg7 92. h5 Kg8 93. f6 Kf8 94. h6 Kg8 95. f7+ Kf8 96. h7 Kg7 1-0